Разработка и внедрение системы менеджмента безопасности труда OHSAS 18001:2007 в Открытом Акционерном Обществе "Томскгазпром"; Энергетика: эффективность, надежность, безопасность; Т. 2

Бібліографічні деталі
Parent link:Энергетика: эффективность, надежность, безопасность: материалы XX Всероссийской научно-технической конференции, 2-4 декабря 2014 г., Томск/ Национальный исследовательский Томский политехнический университет (ТПУ) [и др.] ; ред. кол. В. В. Литвак [и др.].— , 2014
Т. 2.— 2014.— [С. 196-197]
Співавтор: Национальный исследовательский Томский политехнический университет (ТПУ) Институт неразрушающего контроля (ИНК) Кафедра экологии и безопасности жизнедеятельности (ЭБЖ)
Інші автори: Несынов А. Н., Сивицкий П. И., Гусельников М. Э. Михаил Эдуардович, Гуляев М. В. Милий Всеволодович
Резюме:Заглавие с титульного экрана
Мова:Російська
Опубліковано: 2014
Серія:Экология и защита окружающей среды
Предмети:
Онлайн доступ:http://earchive.tpu.ru/handle/11683/25650
http://www.lib.tpu.ru/fulltext/c/2014/C15/V2/071.pdf
Формат: MixedMaterials Електронний ресурс Частина з книги
KOHA link:https://koha.lib.tpu.ru/cgi-bin/koha/opac-detail.pl?biblionumber=611026

MARC

LEADER 00000naa2a2200000 4500
001 611026
005 20240214111816.0
035 |a (RuTPU)RU\TPU\conf\8668 
035 |a RU\TPU\conf\8667 
090 |a 611026 
100 |a 20150210d2014 k y0rusy50 ca 
101 0 |a rus 
102 |a RU 
105 |a y z 101zy 
135 |a drcn ---uucaa 
181 0 |a i  
182 0 |a b 
200 1 |a Разработка и внедрение системы менеджмента безопасности труда OHSAS 18001:2007 в Открытом Акционерном Обществе "Томскгазпром"  |f А. Н. Несынов, П. И. Сивицкий, М. Э. Гусельников, М. В. Гуляев 
203 |a Текст  |c электронный 
225 1 |a Экология и защита окружающей среды 
300 |a Заглавие с титульного экрана 
320 |a [Библиогр.: с. 197 (3 назв.)] 
337 |a Adobe Reader 
461 1 |0 (RuTPU)RU\TPU\conf\8486  |t Энергетика: эффективность, надежность, безопасность  |o материалы XX Всероссийской научно-технической конференции, 2-4 декабря 2014 г., Томск  |o в 2 т.  |f Национальный исследовательский Томский политехнический университет (ТПУ) [и др.] ; ред. кол. В. В. Литвак [и др.]  |d 2014 
463 0 |0 (RuTPU)RU\TPU\conf\8490  |t Т. 2  |v [С. 196-197]  |d 2014 
610 1 |a труды учёных ТПУ 
610 1 |a электронный ресурс 
610 1 |a безопасность-менеджмент 
610 1 |a безопасный труд 
610 1 |a Томскгазпром 
610 1 |a охрана труда 
610 1 |a системы управления 
701 1 |a Несынов  |b А. Н. 
701 1 |a Сивицкий  |b П. И. 
701 1 |a Гусельников  |b М. Э.  |c специалист в области экологии и безопасности жизнедеятельности  |c доцент Томского политехнического университета, кандидат технических наук  |f 1959-  |g Михаил Эдуардович  |3 (RuTPU)RU\TPU\pers\26049  |9 11888 
701 1 |a Гуляев  |b М. В.  |c российский учёный в области экологии и безопасности жизнедеятельности  |c доцент Томского политехнического университета  |g Милий Всеволодович  |3 (RuTPU)RU\TPU\pers\26050 
712 0 2 |a Национальный исследовательский Томский политехнический университет (ТПУ)  |b Институт неразрушающего контроля (ИНК)  |b Кафедра экологии и безопасности жизнедеятельности (ЭБЖ)  |3 (RuTPU)RU\TPU\col\18720 
801 2 |a RU  |b 63413507  |c 20210419  |g RCR 
856 4 |u http://earchive.tpu.ru/handle/11683/25650 
856 4 |u http://www.lib.tpu.ru/fulltext/c/2014/C15/V2/071.pdf 
942 |c BK